[Event "Shropshire Chess Congress 2019"]
[Site "Telford"]
[Date "2019.01.04"]
[Round "1"]
[White "Gonda, Laszlo"]
[Black "Bin-Suhayl, Leysaa"]
[Result "1/2-1/2"]
[WhiteElo "2522"]
[BlackElo "2038"]
[Annotator "TA"]
[PlyCount "95"]
[EventDate "2019.01.04"]
[EventType "swiss"]
[EventCountry "GBR"]
[SourceTitle "playchess.com"]
[Source "ChessBase"]
[SourceQuality "1"]

{[%evp 25,95,9,32,10,20,22,27,31,31,31,52,31,156,143,143,144,209,195,185,156,154,110,112,116,110,120,127,77,104,100,118,85,134,112,141,119,316,219,320,210,274,0,303,0,276,279,261,141,268,195,195,199,180,181,222,214,216,152,130,71,71,71,71,71,74,39,39,4,4,1,2,0]} 1. Nf3 Nf6 2. c4 c5 3. b3 g6 4. Bb2 Bg7 5. g3 Nc6 6. Bg2 d6 7. O-O O-O 8. d4 cxd4 9. Nxd4 Bd7 10. Nc3 a6 11. Rc1 Qa5 {E60: King's Indian: Unusual lines and Fianchetto Variation without Nc3} 12. e3 Rfc8 13. Re1 Rab8 {LiveBook: 3 Games} 14. Qe2 (14. a3 Qd8 15. Nce2 Na5 16. a4 b5 17. axb5 axb5 18. cxb5 Rxc1 19. Bxc1 d5 {1-0 (68) Ribli,Z (2552)-Jankovic,A (2541) Slovenia 2014}) 14... b5 $146 ({Predecessor:} 14... e6 15. a3 Qd8 16. b4 {1-0 (16) Voronin,A (2379)-Merrheim,X (2390) ICCF email 2014}) 15. cxb5 Nxd4 16. exd4 axb5 17. Qxe7 b4 18. Nd5 (18. Ne4 {is more complex.} Nxe4 19. Qxd7 Nc3 20. Qxd6 Qxa2 21. Bxc3 bxc3 22. Rxc3 Qd2 23. Rxc8+ Rxc8 24. Re4) 18... Nxd5 (18... Rxc1 $1 $14 19. Rxc1 Nxd5 20. Qxd7 (20. Qxd6 Rd8 $11) 20... Nc3) 19. Rxc8+ $1 $16 (19. Qxd7 $6 Nc3 $11) 19... Rxc8 (19... Bxc8 $2 {is the wrong capture.} 20. Qxd6 Nc7 21. Qd8+ (21. Re7 Ba6 $16) 21... Bf8 22. Re8 $1 $18 {[%mdl 512]}) 20. Qxd7 Nb6 (20... Rf8 $16) 21. Qxd6 $18 Qxa2 22. Re2 ({But not} 22. Qxb6 $6 Qxb2 23. Qb7 Rf8 $11) 22... Qa6 23. Bf1 {Re8+! is the strong threat.} Bf8 24. Qf6 Bg7 25. Qg5 h6 26. Qg4 {aiming for Re8+!} Qa2 27. Qf3 $40 {[%mdl 128] White is out for blood.} Qa8 28. Bg2 Qa2 29. Qd3 Rb8 30. h4 Bf6 $2 (30... h5 $16 {was worth a try.} 31. f4 Qa5) 31. Kh2 Kg7 (31... Qa5 $142 32. Bc1 h5) 32. Bc1 Qa1 33. Bb2 Qa2 $1 34. Bc1 Qa1 35. Bf4 Rd8 36. d5 ({White should try} 36. Qb5 $18) 36... Qd4 (36... Qc3 $16 37. Qd1 Nd7) 37. Rd2 Qxd3 38. Rxd3 {Hoping for Bc7.} Nd7 39. Bc7 Rc8 {[#]} 40. d6 $1 Nc5 41. Rd1 Bd8 42. Bxd8 (42. Bh3 $142 f5 43. Rd5) 42... Rxd8 $16 {[%mdl 4096] Endgame KRB-KRN} 43. Rd4 Nxb3 44. Rxb4 Nc5 45. Rb6 Nd7 46. Ra6 Nf6 47. Bf3 Ne8 48. Kg2 {Accuracy: White = 57%, Black = 43%.} 1/2-1/2

[Event "Shropshire Chess Congress 2019"]
[Site "Telford"]
[Date "2019.01.04"]
[Round "1"]
[White "Berczes, David"]
[Black "Anderson, Peter"]
[Result "1-0"]
[WhiteElo "2472"]
[BlackElo "1980"]
[Annotator "TA"]
[PlyCount "67"]
[EventDate "2019.01.04"]
[EventType "swiss"]
[EventCountry "GBR"]
[SourceTitle "playchess.com"]
[Source "ChessBase"]
[SourceQuality "1"]

{[%evp 16,67,22,22,26,0,14,10,10,18,18,5,16,13,27,-18,16,6,15,0,41,38,68,59,76,83,80,31,50,31,292,299,358,316,313,308,233,164,484,471,523,479,473,471,461,448,797,783,739,638,1252,1228,29995,29996]} 1. d4 {Chuchelov,V} g6 2. Nf3 Bg7 3. c4 d6 4. Nc3 e5 5. dxe5 dxe5 6. Qxd8+ Kxd8 7. Bg5+ f6 8. O-O-O+ Bd7 {A41: 1 d4 d6: Tartakower System and Modern Defence} (8... Nd7 9. Be3 Nh6 10. Bxh6 Bxh6+ 11. e3 c6 12. Ne4 Ke7 13. g4 Bg7 14. Rg1 Nf8 15. h4 h5 16. gxh5 Rxh5 {0-1 (50) Li,C (2732)-Onischuk,V (2637) Riadh 2017}) 9. Bd2 {LiveBook: 7 Games} Kc8 10. Rg1 Be6 {The position is equal.} 11. e3 Nd7 12. g4 a5 13. Ne4 Ne7 14. Bc3 Nc6 {[#]} 15. Nfd2 $146 ({Predecessor:} 15. Be2 Nb4 16. Kb1 {1-0 (55) Chuchelov,V (2535)-Foisor,C (2370) Bethune 1999 CBM 075 [Chuchelov,V]}) 15... Re8 16. a3 Bf8 17. f4 exf4 18. exf4 Bh6 19. g5 fxg5 20. fxg5 Bf8 21. Bg2 Nce5 22. Nf3 Bg4 $2 {[%mdl 8192]} (22... Nxc4 $14 23. Rge1 Nc5) 23. Nxe5 $18 Rxe5 24. Bxe5 Bxd1 25. Bh3 ({Not} 25. Rxd1 Nxe5 26. Rf1 Be7 $14) 25... Ba4 26. Nc3 $40 {[%mdl 128] Black is in trouble.} Bb3 $2 (26... Kd8) 27. Rf1 {[%cal Rf1f8] [#]} Kd8 28. Rf7 Be7 29. Bf6 Nxf6 30. gxf6 Bd6 (30... Bxf6 $142 31. Rf8+ Ke7 32. Rxa8 Bxc4 33. Rxa5 b6) 31. Rxh7 {[#] Threatening mate with Rh8+.} Ke8 32. Bd7+ Kd8 33. Be6 {Rh8+ would kill now.} Ke8 34. Nd5 {Precision: White = 61%, Black = 44%.} 1-0

[Event "Shropshire Chess Congress 2019"]
[Site "Telford"]
[Date "2019.01.04"]
[Round "1"]
[White "Hebden, Mark"]
[Black "Giles, Yasmin"]
[Result "1-0"]
[WhiteElo "2425"]
[BlackElo "1942"]
[Annotator "TA"]
[PlyCount "93"]
[EventDate "2019.01.04"]
[EventType "swiss"]
[EventCountry "GBR"]
[SourceTitle "playchess.com"]
[Source "ChessBase"]
[SourceQuality "1"]

{[%evp 27,92,0,0,0,0,0,0,0,0,-12,-2,-16,0,0,18,16,20,16,12,11,28,28,35,24,31,37,50,17,81,73,70,78,161,161,161,161,161,161,161,151,161,161,161,161,175,150,260,264,254,257,235,215,1150,1133,862,820,29990,29991,29991,29992,29992,29993,29993,29994,29997,29998,29999]} 1. d4 d5 2. Nf3 Nf6 3. c4 c6 4. e3 Bf5 5. cxd5 cxd5 6. Qb3 Qc7 7. Bd2 e6 8. Bb5+ Nc6 9. O-O Bd6 10. Bb4 O-O {D12: Slav Defence: 3 Nf3 Nf6 4 e3 Bf5} 11. Bxc6 bxc6 12. Nbd2 Rab8 (12... Rfb8 13. Bxd6 Qxd6 14. Qc3 Qb4 15. Qxb4 Rxb4 16. b3 Nd7 17. a3 Rb6 18. b4 {½-½ (31) Radjabov,T (2745)-Aronian,L (2813) Stavanger 2013}) 13. Bxd6 Qxd6 14. Qc3 Rfc8 {LiveBook: 7 Games} 15. Rac1 Nd7 16. Nb3 f6 17. Nh4 Bg4 $1 18. f3 Bh5 $146 19. g4 Bf7 20. f4 Qe7 21. Rf2 Rc7 22. Nc5 $36 {[%mdl 2048] White is pushing.} Nxc5 23. Qxc5 Qxc5 24. Rxc5 Be8 25. Rfc2 Kf7 26. b3 Rbc8 27. f5 g6 (27... Bd7 $11 {keeps the balance.}) 28. fxg6+ $16 hxg6 29. g5 $1 f5 (29... fxg5 $16 30. Nf3 Kf6) 30. Nf3 $18 Ke7 31. Kf2 Kd6 32. Kg3 Rb8 33. h4 Rbb7 34. Ne5 Rb6 35. Ra5 Ke7 36. Kf4 Kd6 (36... Rbb7 $16 37. Rac5 Kd6) 37. h5 gxh5 38. g6 Rg7 39. Kg5 Ke7 $2 (39... Rbb7 40. Ra6 (40. Kxh5 Ke7 $16) 40... Rbc7) 40. Rxa7+ Kf8 41. Ra8 {[#] And now Kf6 would win.} Rc7 42. Kf6 {White mates.} Rbb7 43. Rh2 Rg7 44. Rxh5 Rg8 45. Rh7 Rxh7 46. gxh7 {[%cal Re5d7]} Rh8 47. Ng6# {Accuracy: White = 89%, Black = 43%.} 1-0

[Event "Shropshire Chess Congress 2019"]
[Site "Telford"]
[Date "2019.01.04"]
[Round "1"]
[White "Walton, Alan"]
[Black "Paul, Nathanael"]
[Result "1-0"]
[WhiteElo "2149"]
[BlackElo "1925"]
[Annotator "TA"]
[PlyCount "87"]
[EventDate "2019.01.04"]
[EventType "swiss"]
[EventCountry "GBR"]
[SourceTitle "playchess.com"]
[Source "ChessBase"]
[SourceQuality "1"]

{[%evp 18,87,0,0,79,118,112,47,62,83,76,43,71,0,0,0,28,19,67,20,27,33,21,30,82,75,105,92,126,98,171,0,0,0,105,0,0,0,0,0,0,0,629,640,723,762,995,947,1212,1155,1128,1126,1087,1075,1581,908,847,840,29993,885,910,901,866,836,1270,1270,4309,4633,1974,1974,29982,29983]} 1. d4 d5 2. c4 c6 3. Nc3 Nf6 4. Nf3 dxc4 5. a4 Bf5 6. Ne5 e6 7. f3 Bb4 8. e4 Bxe4 9. fxe4 Nxe4 10. Bd2 {LiveBook: 522 Games. D17: Slav Defence: 5 a4 Bf5: Lines with 6 Nh4 and 6 Ne5} ({Reject} 10. Qf3 Qxd4 11. Qxf7+ Kd8 $15) 10... Qh4+ (10... Qxd4 $11 11. Nxe4 Qxe4+ 12. Qe2 Bxd2+ 13. Kxd2 Qd5+ 14. Ke1 Na6) (10... Qxd4 11. Nxe4 Qxe4+ 12. Qe2 Bxd2+ 13. Kxd2 Qd5+ 14. Kc3 O-O 15. Qe3 b5 16. Be2 Nd7 17. Nxd7 Qxd7 18. axb5 cxb5 19. Bf3 Rac8 20. Rxa7 b4+ 21. Kc2 Qb5 22. Kb1 g6 {0-1 (46) Fedoseev,V (2718)-Malakhov,V (2686) St Petersburg 2017}) 11. g3 $16 Nxg3 12. Nf3 (12. hxg3 $16 Qxh1 13. Qg4) 12... Qh5 $14 13. Rg1 Nxf1 14. Kxf1 Nd7 15. h4 $146 (15. Qe2 $16) ({Predecessor:} 15. Rg5 Qh3+ 16. Kg1 Nf6 17. Rg3 Qf5 {1-0 (53) Kojima,S (2364)-Kotva,M (1996) Brno 2013}) 15... h6 16. Ne4 {[%cal Bc3e4,Be4d2,Bd2c4,Bc4e5][%mdl 32]} Bxd2 17. Nexd2 Nb6 18. a5 Nd5 19. Nxc4 O-O 20. Qe2 b5 (20... Rfd8 $11) 21. Nce5 $16 f6 22. Ng6 $1 Rf7 23. Rc1 e5 {[#]} (23... Qf5 $16) 24. Rxc6 $2 (24. Qe4 $1 $18) 24... Qf5 $11 25. Ke1 e4 (25... Qb1+ $11 {keeps the balance.} 26. Qd1 (26. Kf2 Qf5 $11) 26... Qe4+ 27. Qe2 Qb1+ 28. Qd1 (28. Kf2 Qf5 $11) 28... Qe4+ 29. Qe2 Qb1+) 26. Nd2 (26. Nh2 $16) 26... e3 {Hoping for ...Nb4.} 27. Nb3 Nb4 28. Rc3 Qb1+ 29. Nc1 Re8 $2 {[%mdl 8192]} (29... Rd8 $11) 30. Qxb5 $18 {[%mdl 64] Double Attack} Qe4 {Black hopes to continue with ...Rb7.} 31. Qxb4 f5 32. Qc4 f4 33. Ne5 Rxe5 34. dxe5 Qxe5 35. Nd3 Qe7 36. Nxf4 Qxh4+ 37. Kd1 {Rxg7+! would kill now.} Qf2 {[#]} 38. Rg2 (38. Rxg7+ $142 $3 Kxg7 39. Qd4+ {[%mdl 64] Double Attack} Kg8 40. Rc8+ Rf8 41. Qd5+ Kh7 42. Qd3+ Kh8 43. Rxf8+ Kg7 44. Ne6#) 38... e2+ 39. Qxe2 {Threatening mate with Rc8+.} Qxf4 40. Qc4 Qd6+ 41. Rd3 Qf6 42. Rd7 Qf3+ 43. Kc1 Qe3+ 44. Kc2 {Accuracy: White = 53%, Black = 37%.} 1-0

[Event "Shropshire Chess Congress 2019"]
[Site "Telford"]
[Date "2019.01.04"]
[Round "1"]
[White "Ferrington, Nigel"]
[Black "Fajfer, Bartosz"]
[Result "1-0"]
[WhiteElo "2128"]
[BlackElo "1921"]
[Annotator "TA"]
[PlyCount "81"]
[EventDate "2019.01.04"]
[EventType "swiss"]
[EventCountry "GBR"]
[SourceTitle "playchess.com"]
[Source "ChessBase"]
[SourceQuality "1"]

{[%evp 18,81,50,50,40,46,82,84,67,38,50,38,73,31,48,51,43,42,60,41,56,54,76,54,123,117,127,118,102,89,110,113,182,129,132,132,133,121,128,127,131,120,128,99,128,40,34,39,257,273,268,247,438,402,410,367,439,82,177,181,226,119,1035,1055,950,847]} 1. e4 c5 2. Nf3 d6 3. Bb5+ Nc6 4. O-O Bd7 5. c3 Nf6 6. Re1 a6 7. Ba4 b5 8. Bc2 e5 9. h3 g5 {B51: Sicilian: Moscow Variation (3 Bb5+) without 3...Bd7} (9... c4 10. d4 cxd3 11. Qxd3 Be7 12. Bg5 Be6 13. Bxf6 Bxf6 14. Bb3 O-O 15. Nbd2 Ne7 16. Nf1 Ng6 17. Rad1 Be7 18. Ne3 Nf4 19. Qf1 Qc8 20. Nd5 Bxd5 21. Bxd5 Rb8 22. Kh2 Kh8 23. g3 {½-½ (23) Areshchenko,A (2677)-Antipov,M (2576) Minsk 2017}) 10. d4 {LiveBook: 4 Games} g4 11. hxg4 Bxg4 {White is slightly better.} 12. dxc5 dxc5 13. Qxd8+ Rxd8 14. Nh2 $146 {Hoping for Bg5.} ({Predecessor:} 14. Nh4 c4 15. Be3 Nd7 16. b4 cxb3 17. axb3 {1-0 (42) Gavrilov,A (2495)-Gukesh,D (2332) Voronezh 2017}) 14... Bc8 15. Nd2 {[%cal Bb1d2,Bd2f1,Bf1e3,Be3d5][%mdl 32]} h5 16. a4 Bh6 17. Ndf1 b4 18. Bxh6 Rxh6 19. a5 Ke7 20. Ne3 Rhh8 (20... Be6 $14) 21. Nf3 $16 {[%cal Bh2f3,Bf3d2,Bd2c4,Bc4b6][%mdl 32]} Ng4 22. Nd5+ Kf8 23. Nd2 Be6 24. Nc4 Ne7 {[#]} (24... h4 $16 {keeps fighting.}) 25. f3 (25. cxb4 Nxd5 26. exd5 Rxd5 $16) (25. Ncb6 $1 $18) 25... Nxd5 26. exd5 Bxd5 27. Nb6 ({Don't play} 27. fxg4 $6 Bxc4 28. Rxe5 Rd2 $11) (27. Nxe5 Nxe5 28. Rxe5 f6 $14) 27... Nf6 28. Rad1 Kg7 29. Rxe5 Be6 30. Rxd8 Rxd8 31. Rxc5 ({Better is} 31. Rg5+ $16 Kh6 32. Rxc5) 31... b3 $1 $14 {[%cal Rb3c2]} 32. Bf5 {Threatens to win with Bxe6.} Rd2 $2 (32... Nd7 $14 33. Nxd7 Bxf5) 33. Bxe6 $18 fxe6 {[%mdl 4096] Endgame KRN-KRN} 34. Nc4 Rc2 $2 (34... Rd1+ 35. Kf2 Ra1 36. Rc7+ Kg6) 35. Rc6 {[%mdl 64] Double Attack} Nd5 36. Rxa6 Nf4 37. Rb6 $2 (37. Rd6 $18 {is more deadly.}) 37... Rxg2+ (37... h4 $16) 38. Kh1 h4 {[#] intending ...h3.} 39. Rxe6 ({Resist} 39. Rxb3 h3 $16) ({White should try} 39. Rb7+ $1 $18 Kg6 40. Rb8 (40. Rxb3 Re2 $11)) 39... h3 $2 {[%mdl 8192]} (39... Rxb2 $16 40. Nxb2 Nxe6) 40. Re4 Nd3 41. Rg4+ {Accuracy: White = 49%, Black = 36%.} 1-0

[Event "Shropshire Chess Congress 2019"]
[Site "Telford"]
[Date "2019.01.04"]
[Round "1"]
[White "Waller, Dan"]
[Black "Ghasi, Ameet"]
[Result "0-1"]
[WhiteElo "2037"]
[BlackElo "2498"]
[Annotator "TA"]
[PlyCount "74"]
[EventDate "2019.01.04"]
[EventType "swiss"]
[EventCountry "GBR"]
[SourceTitle "playchess.com"]
[Source "ChessBase"]
[SourceQuality "1"]

{[%evp 16,74,79,63,62,28,38,20,11,-28,7,-40,-40,-40,-30,-26,-26,-39,-29,-17,11,18,0,0,19,-22,20,7,15,0,0,0,-2,-29,0,-209,0,-87,-93,-90,-95,-168,-173,-204,-193,-187,-54,-196,-193,-189,-183,-543,-543,-543,-543,-570,-565,-635,-563,-544,-477]} 1. e4 d6 2. d4 Nf6 3. Nc3 g6 4. Bg5 c6 5. Qd2 b5 6. Bd3 Nbd7 7. f4 b4 {B07: Pirc Defence: Miscellaneous Systems} 8. Nce2 Qb6 9. Nf3 {LiveBook: 3 Games} d5 {White is slightly better.} 10. Ng3 $146 ({Predecessor:} 10. e5 Ne4 11. Qe3 f5 12. exf6 exf6 13. Bxe4 dxe4 14. Qxe4+ Kf7 15. f5 fxg5 16. Nxg5+ Kg7 17. Ne6+ Kg8 18. O-O Nf6 19. fxg6 Bg7 20. Rxf6 Bxf6 21. Rf1 {1-0 (21) Sutovsky,E (2597)-Grosar,A (2449) Pula 2000}) 10... dxe4 11. Bxe4 Bg7 12. O-O-O O-O 13. Ne5 Nxe4 14. Nxe4 Nf6 15. Bxf6 exf6 16. Nc4 Qa6 17. Qxb4 Qxa2 18. Nc3 Qa6 19. Qa4 Qb7 20. g3 Rb8 21. b3 Bg4 22. Rd3 Bd7 {White must now prevent ...c5!} 23. Na5 Qc8 24. Qc4 f5 25. Na4 $2 {[#]} (25. Re1 $11 {and White stays safe.}) 25... Rb5 $2 (25... c5 $1 $19 {[%mdl 512] Hoping for ...Bb5.} 26. Nc3 (26. Nxc5 Bb5) 26... cxd4 27. Qxc8 Rfxc8) 26. b4 (26. Qc3 $1 $11 {remains equal.}) 26... Be6 $36 {[%mdl 2048] Keeping White busy.} 27. Qxc6 Rxb4 28. Qxc8 (28. Nc5 $17) 28... Rxc8 $19 29. Nc5 Bd5 ({Don't play} 29... Rxd4 30. Rxd4 Bxd4 31. Nxe6 $17) (29... Bxd4 30. Nxe6 Bb2+ 31. Kd2 $17) 30. Rhd1 Bxd4 (30... Be4 $1 $19 {[%cal Re4d3]} 31. Ncb3 Ra4) 31. Nab3 ({White should try} 31. Rxd4 $15 Rxd4 32. Rxd4 Rxc5 33. Ra4) 31... Bxb3 $1 ({But not} 31... Bxc5 32. Nxc5 Be4 33. Rd8+ Rxd8 34. Rxd8+ Kg7 35. Rd7 $17) 32. Nxb3 Bf6 33. Kb1 $2 (33. Re3) 33... a5 {[%cal Ba7a5,Ba5a4,Ba4a3,Ba3a2][%mdl 32] Black is clearly winning.} 34. Kc1 a4 35. Nd4 {[#]} a3 $1 {[%mdl 512]} 36. Nb3 (36. Rxa3 Bxd4) 36... a2 {( -> ...Rxb3!)} 37. Kd2 {[#]} Rxb3 $1 {[%mdl 576] Promotion. Accuracy: White = 33%, Black = 41%.} 0-1

[Event "Shropshire Chess Congress 2019"]
[Site "Telford"]
[Date "2019.01.04"]
[Round "1"]
[White "Edge, John"]
[Black "Merry, Alan"]
[Result "0-1"]
[WhiteElo "1972"]
[BlackElo "2429"]
[Annotator "TA"]
[PlyCount "56"]
[EventDate "2019.01.04"]
[EventType "swiss"]
[EventCountry "GBR"]
[SourceTitle "playchess.com"]
[Source "ChessBase"]
[SourceQuality "1"]

{[%evp 19,56,-25,-26,-56,-59,-55,-54,-106,-57,-102,-56,-73,-52,-104,-52,-37,-45,-92,-83,-70,-61,-109,-105,-112,-78,-100,0,-33,-53,-231,-235,-254,-241,-466,-419,-557,-572,-557,-536]} 1. e4 e6 2. Nf3 d5 3. Nc3 Nf6 4. e5 Nfd7 5. d4 c5 6. dxc5 Nc6 7. Bf4 Nxc5 8. Bb5 {C11: French: Classical System: 4 e5 and 4 Bg5 dxe4} (8. h4 Be7 9. h5 f5 10. Rh3 O-O 11. Nb5 Ne4 12. c3 Qb6 13. Be3 Qa5 14. Nbd4 f4 15. Bd2 Qc7 16. Nxc6 bxc6 {1-0 (61) Nepomniachtchi,I (2718)-Ding,L (2680) St Petersburg 2012}) 8... a6 9. Bxc6+ bxc6 10. O-O Be7 {LiveBook: 3 Games} 11. Ne2 $146 ({Predecessor:} 11. Nd4 Qb6 12. Qg4 g6 13. Rab1 h5 14. Qf3 Nd7 15. Rfd1 g5 {1-0 (56) Bortnyk,M (2416)-Ponkratov,P (2604) Minsk 2015}) 11... a5 12. Ned4 Qb6 13. a3 (13. Be3 $15) 13... Bb7 14. c4 dxc4 ({Don't play} 14... Qxb2 $6 15. cxd5 exd5 16. Re1 $11) 15. Nd2 Ba6 ({Worse is} 15... Qxb2 16. Nxc4 Qc3 17. Rc1 $14) 16. Qf3 (16. Qg4 $15) 16... c3 (16... Rc8 $17 {And now ...Nd3 would win.} 17. Rab1 Nd3) 17. bxc3 $15 Bxf1 18. Rxf1 Rc8 $1 19. Qg3 g6 20. Nc4 Qa6 21. Nd6+ Bxd6 $1 22. exd6 {[#]} Nd7 (22... f6 $1 $17 23. Bh6 Kf7) 23. Bh6 {Black must now prevent Re1.} (23. Nf5 $5) 23... c5 24. Nxe6 $2 (24. Nf3 $15) 24... fxe6 $19 25. Re1 {[#]} Rc6 $1 {[%cal Rc6d6]} 26. Qh4 $2 (26. Bg7 Rg8 27. Rxe6+ Kd8 28. Qh4+ Kc8 29. Qxh7 Rxg7 30. Qxg7 Rxd6 31. Rxd6 Qxd6 32. h4) 26... Rxd6 {Hoping for ...Qe2!} 27. Bg7 {[#]} Qe2 $1 {[%cal Re2e1][%mdl 512]} 28. f3 (28. Rxe2 Rd1+) 28... Rd1 {Accuracy: White = 20%, Black = 58%.} 0-1

[Event "Shropshire Chess Congress 2019"]
[Site "Telford"]
[Date "2019.01.04"]
[Round "1"]
[White "Ireland, David"]
[Black "Stewart, Ashley"]
[Result "1/2-1/2"]
[WhiteElo "1939"]
[BlackElo "2160"]
[Annotator "NA"]
[PlyCount "143"]
[EventDate "2019.01.04"]
[EventType "swiss"]
[EventCountry "GBR"]
[SourceTitle "playchess.com"]
[Source "ChessBase"]
[SourceQuality "1"]
[TimeControl "5400+30"]

1. e4 {[%emt 0:00:00]} c5 {[%emt 0:00:00]} 2. Nc3 {[%emt 0:00:00]} g6 {[%emt 0:00:15]} 3. f4 {[%emt 0:00:23]} Bg7 {[%emt 0:00:06]} 4. Nf3 {[%emt 0:00:16]} Nc6 {[%emt 0:00:05]} 5. Bb5 {[%emt 0:00:17]} Nd4 {[%emt 0:00:08]} 6. O-O {[%emt 0:00:14]} Nxb5 {[%emt 0:00:04]} 7. Nxb5 {[%emt 0:00:12]} d5 {[%emt 0:00:14]} 8. e5 {[%emt 0:00:44]} Bd7 {[%emt 0:02:36] B23: Closed Sicilian: Lines without g3} (8... d4 9. c3 Bd7 10. Qe2 a6 11. Na3 dxc3 12. dxc3 Nh6 13. Rd1 Qc7 14. Nc4 O-O 15. Rxd7 Qxd7 16. Nb6 {½-½ (48) Dimitrov,R (2465)-Spasov,V (2553) Pleven 2015}) 9. Nc3 {[%emt 0:00:47]} e6 {[%emt 0:08:52]} 10. d4 {[%emt 0:03:38]} cxd4 {[%emt 0:07:51]} 11. Nxd4 $146 {[%emt 0:03:34]} ({Predecessor:} 11. Qxd4 Nh6 12. Qd3 O-O 13. Be3 Qc7 14. Nb5 Bxb5 15. Qxb5 {0-1 (70) Gamazo,J (1571)-Baumann,D (1952) IECG email 2006}) 11... Ne7 {[%emt 0:01:20]} 12. Be3 {[%emt 0:05:42]} O-O {[%emt 0:08:28]} 13. Qe2 {[%emt 0:06:20]} a6 {[%emt 0:13:00]} 14. Rad1 {[%emt 0:07:50]} Qc7 {[%emt 0:04:11]} 15. Qg4 {[%emt 0:08:35]} Nc6 {[%emt 0:12:38]} 16. Nxc6 {[%emt 0:09:51]} Qxc6 {[%emt 0:04:59]} 17. Qg3 {[%emt 0:05:11]} f6 {[%emt 0:05:10]} 18. Bd4 {[%emt 0:07:37]} fxe5 {[%emt 0:03:15]} 19. fxe5 {[%emt 0:06:19]} Qc4 {[%emt 0:00:52]} 20. Qd3 {[%emt 0:04:00]} Rxf1+ {[%emt 0:06:02]} 21. Kxf1 {[%emt 0:00:28]} Rf8+ {[%emt 0:03:42]} 22. Kg1 {[%emt 0:03:01]} b5 {[%emt 0:06:05]} 23. Qxc4 {[%emt 0:04:56]} bxc4 {[%emt 0:00:07]} 24. Rf1 {[%emt 0:01:41]} g5 {[%emt 0:02:21]} 25. Rxf8+ {[%emt 0:01:49]} Kxf8 {[%emt 0:00:07]} 26. Kf2 {[%emt 0:02:47]} Be8 {[%emt 0:02:44]} 27. Nd1 {[%emt 0:02:05]} h5 {[%emt 0:01:57]} 28. Ne3 {[%emt 0:01:01]} Bg6 {[%emt 0:01:47]} 29. h3 {[%emt 0:00:54]} Be4 {[%emt 0:01:29]} 30. b3 {[%emt 0:02:27]} cxb3 {[%emt 0:00:19]} 31. axb3 {[%emt 0:00:37]} Kf7 {[%emt 0:01:17]} 32. c4 {[%emt 0:00:34]} dxc4 {[%emt 0:00:20]} 33. Nxc4 {[%emt 0:00:58]} Bd5 {[%emt 0:01:02]} 34. Nd6+ {[%emt 0:00:40]} Kg6 {[%emt 0:00:28]} 35. b4 {[%emt 0:01:04]} g4 {[%emt 0:00:34]} 36. hxg4 {[%emt 0:00:17]} hxg4 {[%emt 0:00:02]} 37. Kg3 {[%emt 0:02:42]} Kg5 {[%emt 0:02:03]} 38. b5 {[%emt 0:00:37]} axb5 39. Nxb5 {[%emt 0:00:04]} Bb3 {[%emt 0:02:00]} 40. Nd6 {[%emt 0:00:33]} Bc2 {[%emt 0:00:54]} 41. Ne8 {[%emt 0:01:43]} Bf8 {[%emt 0:00:16]} 42. Nd6 {[%emt 0:00:57]} Bf5 {[%emt 0:00:27]} 43. Be3+ {[%emt 0:01:02]} Kg6 {[%emt 0:00:02]} 44. Bf4 {[%emt 0:00:50]} Be7 {[%emt 0:00:38]} 45. Kf2 {[%emt 0:00:44]} Bd8 {[%emt 0:00:31]} 46. g3 {[%emt 0:00:25]} Bb6+ {[%emt 0:00:31]} 47. Be3 {[%emt 0:00:10]} Ba5 {[%emt 0:00:20]} 48. Bf4 {[%emt 0:00:28]} Bc3 {[%emt 0:00:16]} 49. Nb5 {[%emt 0:00:39]} Bb4 {[%emt 0:00:59]} 50. Nd6 {[%emt 0:00:18]} Bc2 {[%emt 0:00:26]} 51. Be3 {[%emt 0:00:43]} Bc3 {[%emt 0:00:38]} 52. Bf4 {[%emt 0:00:21]} Kg7 {[%emt 0:00:19]} 53. Ne8+ {[%emt 0:01:06]} Kf7 {[%emt 0:00:29]} 54. Nf6 {[%emt 0:01:02]} Bd1 {[%emt 0:00:29]} 55. Ke3 $11 {[%emt 0:00:22]} Ke7 {[%emt 0:00:56]} 56. Kd3 {[%emt 0:00:23]} Bb2 {[%emt 0:00:39]} 57. Kc4 {[%emt 0:00:59]} Be2+ {[%emt 0:00:37]} 58. Kc5 {[%emt 0:00:29]} Bf3 {[%emt 0:00:29]} 59. Kc4 {[%emt 0:00:49]} Kd8 {[%emt 0:00:26]} 60. Kc5 {[%emt 0:00:20]} Kc7 {[%emt 0:00:20]} 61. Ne8+ {[%emt 0:00:22]} Kd8 {[%emt 0:00:28]} 62. Nf6 {[%emt 0:00:28]} Ke7 {[%emt 0:00:28]} 63. Ng8+ {[%emt 0:00:13]} Kf7 {[%emt 0:00:14]} 64. Nf6 {[%emt 0:00:09]} Bd1 {[%emt 0:00:45]} 65. Ne4 {[%emt 0:01:50]} Ba3+ {[%emt 0:00:44]} 66. Kd4 {[%emt 0:00:15]} Bf3 {[%emt 0:00:31]} 67. Ng5+ {[%emt 0:00:44]} Kg6 {[%emt 0:00:33]} 68. Nxe6 {[%emt 0:00:41]} Bb2+ {[%emt 0:00:14]} 69. Ke3 {[%emt 0:00:19]} Kf5 {[%emt 0:00:43]} 70. Nd4+ {[%emt 0:01:41]} Bxd4+ {[%emt 0:00:06]} 71. Kxd4 {[%emt 0:00:05]} Ke6 {[%emt 0:00:08]} 72. Kc5 1/2-1/2

[Event "Shropshire Chess Congress 2019"]
[Site "Telford"]
[Date "2019.01.04"]
[Round "1"]
[White "Zabrocki, Philip"]
[Black "Sygnowski, Tomasz"]
[Result "0-1"]
[WhiteElo "1923"]
[BlackElo "2143"]
[Annotator "NA"]
[PlyCount "32"]
[EventDate "2019.01.04"]
[EventType "swiss"]
[EventCountry "GBR"]
[SourceTitle "playchess.com"]
[Source "ChessBase"]
[SourceQuality "1"]
[TimeControl "5400+30"]

1. e4 {[%emt 0:00:00]} e6 {[%emt 0:00:00]} 2. Nf3 {[%emt 0:00:00]} d5 {[%emt 0:00:00]} 3. e5 {[%emt 0:00:00]} c5 {[%emt 0:00:22]} 4. b4 {[%emt 0:00:17]} d4 {[%emt 0:00:13]} 5. b5 {[%emt 0:06:48]} Ne7 {[%emt 0:03:56]} 6. Na3 {[%emt 0:09:49]} Nd5 {[%emt 0:03:59]} 7. Nc4 {[%emt 0:03:17]} a6 {[%emt 0:01:13]} 8. bxa6 {[%emt 0:04:02]} Nxa6 {[%emt 0:03:31]} 9. a4 {[%emt 0:02:32]} Bd7 {[%emt 0:05:35]} 10. Bb2 {[%emt 0:02:36]} Be7 {[%emt 0:07:56]} 11. d3 $2 {[%emt 0:03:35]} (11. c3 $17) 11... Nab4 {[%emt 0:02:32]} 12. a5 {[%emt 0:03:20]} b5 {[%emt 0:04:13]} 13. axb6 {[%emt 0:01:31]} Rxa1 {[%emt 0:00:18]} 14. Bxa1 {[%emt 0:00:08]} Ba4 {[%emt 0:05:05]} 15. Na3 {[%emt 0:05:07]} Qxb6 {[%emt 0:06:39]} 16. Nd2 {[%emt 0:00:12]} Qa5 $19 {[%emt 0:05:46]} 0-1